<?xml version="1.0" encoding="UTF-8"?>
<marc:record xmlns:marc="http://www.loc.gov/MARC21/slim" type="Bibliographic">
   <marc:leader>00000ncm a2200000 c 4500</marc:leader>
   <marc:controlfield tag="001">359472281</marc:controlfield>
   <marc:controlfield tag="003">DE-101</marc:controlfield>
   <marc:controlfield tag="005">20171202091602.0</marc:controlfield>
   <marc:controlfield tag="007">q|</marc:controlfield>
   <marc:controlfield tag="008">070806s2007    gw |||||r|||||||||||ger  </marc:controlfield>
   <marc:datafield ind1=" " ind2=" " tag="015">
      <marc:subfield code="a">07,M10,0176</marc:subfield>
      <marc:subfield code="2">dnb</marc:subfield>
   </marc:datafield>
   <marc:datafield ind1="7" ind2=" " tag="016">
      <marc:subfield code="2">DE-101</marc:subfield>
      <marc:subfield code="a">359472281</marc:subfield>
   </marc:datafield>
   <marc:datafield ind1=" " ind2=" " tag="020">
      <marc:subfield code="a">9783596852383</marc:subfield>
      <marc:subfield code="c">: EUR 6.00</marc:subfield>
      <marc:subfield code="9">978-3-596-85238-3</marc:subfield>
   </marc:datafield>
   <marc:datafield ind1="3" ind2=" " tag="024">
      <marc:subfield code="a">9783596852383</marc:subfield>
   </marc:datafield>
   <marc:datafield ind1=" " ind2=" " tag="035">
      <marc:subfield code="a">(DE-599)DNB359472281</marc:subfield>
   </marc:datafield>
   <marc:datafield ind1=" " ind2=" " tag="035">
      <marc:subfield code="a">(OCoLC)724901944</marc:subfield>
   </marc:datafield>
   <marc:datafield ind1=" " ind2=" " tag="040">
      <marc:subfield code="a">1340</marc:subfield>
      <marc:subfield code="b">ger</marc:subfield>
      <marc:subfield code="c">DE-101</marc:subfield>
      <marc:subfield code="d">9999</marc:subfield>
   </marc:datafield>
   <marc:datafield ind1=" " ind2=" " tag="041">
      <marc:subfield code="a">ger</marc:subfield>
   </marc:datafield>
   <marc:datafield ind1=" " ind2=" " tag="044">
      <marc:subfield code="c">XA-DE</marc:subfield>
   </marc:datafield>
   <marc:datafield ind1="7" ind2="4" tag="082">
      <marc:subfield code="a">782.4</marc:subfield>
      <marc:subfield code="q">DE-101</marc:subfield>
      <marc:subfield code="2">22sdnb</marc:subfield>
   </marc:datafield>
   <marc:datafield ind1="0" ind2="0" tag="245">
      <marc:subfield code="a">&#x98;Das&#x9c; kleine Liederbuch</marc:subfield>
      <marc:subfield code="b">die schönsten Tierlieder</marc:subfield>
      <marc:subfield code="c">hrsg. von Catrin Frischer. Mit farb. Bildern von Annette Swoboda</marc:subfield>
   </marc:datafield>
   <marc:datafield ind1="3" ind2=" " tag="246">
      <marc:subfield code="a">&#x98;Die&#x9c; schönsten Tierlieder</marc:subfield>
   </marc:datafield>
   <marc:datafield ind1=" " ind2=" " tag="250">
      <marc:subfield code="a">Orig.-Ausg.</marc:subfield>
   </marc:datafield>
   <marc:datafield ind1=" " ind2="1" tag="264">
      <marc:subfield code="a">Frankfurt am Main</marc:subfield>
      <marc:subfield code="b">Fischer-Taschenbuch-Verl.</marc:subfield>
      <marc:subfield code="c">2007</marc:subfield>
   </marc:datafield>
   <marc:datafield ind1=" " ind2=" " tag="300">
      <marc:subfield code="a">30 S.</marc:subfield>
      <marc:subfield code="b">farb. Ill.</marc:subfield>
      <marc:subfield code="c">19 cm</marc:subfield>
   </marc:datafield>
   <marc:datafield ind1=" " ind2=" " tag="336">
      <marc:subfield code="a">Noten</marc:subfield>
      <marc:subfield code="b">ntm</marc:subfield>
      <marc:subfield code="2">rdacontent</marc:subfield>
   </marc:datafield>
   <marc:datafield ind1=" " ind2=" " tag="337">
      <marc:subfield code="a">ohne Hilfsmittel zu benutzen</marc:subfield>
      <marc:subfield code="b">n</marc:subfield>
      <marc:subfield code="2">rdamedia</marc:subfield>
   </marc:datafield>
   <marc:datafield ind1=" " ind2=" " tag="338">
      <marc:subfield code="a">Band</marc:subfield>
      <marc:subfield code="b">nc</marc:subfield>
      <marc:subfield code="2">rdacarrier</marc:subfield>
   </marc:datafield>
   <marc:datafield ind1="1" ind2=" " tag="490">
      <marc:subfield code="a">Fischer-Schatzinsel</marc:subfield>
   </marc:datafield>
   <marc:datafield ind1="0" ind2=" " tag="490">
      <marc:subfield code="a">Fischer-Schatzinsel</marc:subfield>
   </marc:datafield>
   <marc:datafield ind1=" " ind2=" " tag="500">
      <marc:subfield code="a">Melodiest. mit unterlegtem Text und Bezifferung.</marc:subfield>
   </marc:datafield>
   <marc:datafield ind1=" " ind2=" " tag="500">
      <marc:subfield code="a">Früheres Copyright: 1999.</marc:subfield>
   </marc:datafield>
   <marc:datafield ind1="8" ind2=" " tag="505">
      <marc:subfield code="a">Was müssen das für Bäume sein. Wenn ich ein Vöglein wär'. Auf einem Baum ein Kuckuck sass. Auf uns'rer Wiese gehet was. Der Kuckuck und der Esel. Ein Vogel wollte Hochzeit machen. Suse, liebe Suse, was raschelt im Stroh. Die Kuh, die sass im Schwalbennest. Widewidewenne. Der Katzentatzentanz. Fuchs, du hast die Gans gestohlen. Alle meine Entchen. Summ summ summ. Kommt ein Vogel geflogen. Alle Vögel sind schon da. Kuckuck, Kuckuck, ruft's aus dem Wald. Ri-ra-rutsch. Häschen in der Grube. Hopp, hopp, hopp. Auf der Mauer, auf der Lauer.</marc:subfield>
   </marc:datafield>
   <marc:datafield ind1="1" ind2=" " tag="700">
      <marc:subfield code="0">(DE-588)121576779</marc:subfield>
      <marc:subfield code="0">http://d-nb.info/gnd/121576779</marc:subfield>
      <marc:subfield code="0">(DE-101)121576779</marc:subfield>
      <marc:subfield code="a">Frischer, Catrin</marc:subfield>
      <marc:subfield code="d">1958-</marc:subfield>
      <marc:subfield code="e">Herausgeber</marc:subfield>
      <marc:subfield code="4">edt</marc:subfield>
   </marc:datafield>
   <marc:datafield ind1=" " ind2="0" tag="830">
      <marc:subfield code="a">Fischer-Schatzinsel</marc:subfield>
      <marc:subfield code="w">(DE-101)340040742</marc:subfield>
      <marc:subfield code="7">|s</marc:subfield>
   </marc:datafield>
   <marc:datafield ind1=" " ind2=" " tag="850">
      <marc:subfield code="a">DE-101b</marc:subfield>
      <marc:subfield code="a">DE-101c</marc:subfield>
   </marc:datafield>
   <marc:datafield ind1="r" ind2=" " tag="925">
      <marc:subfield code="a">rm</marc:subfield>
   </marc:datafield>
</marc:record>
